00826nam a22002657a 450000500170000000800410001701000100005801100100006803500100007808200150008810000240010324500380012726000480016530000110021359000410022459000410026559000410030659000420034765000320038965000420042170000200046390100070048394900530049099900170054320220329141120.0971010s1972 r 00010 d a62831 a63803 a68226 a636.213 0500aO'Mary, C.C.982362 aCommercial beef cattle production aPhyladelphia, Penn. :bLea & Feblger,c1972 a393 p. aBATCH-UPDb10c20130110lUCH01h0649 aBATCH-UPDb10c20130410lUCH01h0334 aBATCH-UPDb10c20130914lUCH01h0847 aCONVERSIONb10c20130109lUCH01h133414aCarnexProducción.91910914aGanado de carnexProducción.9451040 aDyer, A.934800 aBK a636.213 O5bZcLIBROd-338eLIBROh498i68226si c62831d62831